Terrence Malick Films - Statistics

General Stats
  • This quiz has been taken 71 times
    54 since last reset
  • The average score is 7 of 9
Answer Stats
Year Film % Correct
1973 Badlands
96%
1998 The Thin Red Line
96%
1978 Days of Heaven
93%
2011 The Tree of Life
91%
2015 Knight of Cups
76%
2019 A Hidden Life
70%
2005 The New World
67%
2017 Song to Song
63%
2012 To the Wonder
54%
No matching quizzes found
Score Distribution
Percent of People with Each Score
Percentile by Number Answered
Your Score History
You have not taken this quiz since the last reset